01178nam a2200277 i 4500001001000000003000900010005001700019007000300036008004100039040003000080049000900110082001400119100004100133245014800174264004100322300002700363336002700390337003300417338002800450590007600478700005400554942001400608952012700622952013400749999001700883000029250DO-SdBNP20240723100218.0ta110414s2004 dr 000 0 spa d aDO-SdBNPbspacBNPHUerda aBNPD 4bV693c2221 aViguera Ozuna, Vinicio,97872eautor10aColoquio poético con Gastón Fernando y cantos poéticos del corazón /cVinicio Viguera Ozuna ; prólogo, Félix Ramírez Sepúlveda. aSanto Domingo :bSan Rafael,c198-?. a68 páginas ;c21 cm. 2rdacontentatextobtxt 2rdamediaasin mediaciónbn 2rdacarrieravolumenbnc aPerteneció a la biblioteca personal de Juan Isidro Jimenes Grullón.1 aRamírez Sepúlveda, Félix,eprólogo956145 2ddccLBS1 00102ddc51708PDaBNPHUbBNPHUcCTd2011-04-14l0oBNPHU PD V693cp29250-10r2020-06-25w2020-06-25yLBS1ZNo se presta 00102ddc51708PDaBNPHUbBNPHUcCTd2011-04-14l0oBNPHU PD V693cp29250-20r2020-06-25te. 2w2020-06-25yLBS1ZNo se presta c28742d28742